1954 1112 1237 1824 1919 1674 1548 1637 1469 1541 1135 1235 1197 1788 1747 1965 1437 1780 1388 1074 1694 1802 1973 1735 1059 1014 1192 1067 1642 1789 1027 1088 1830 1139 1473 1523 1962 1408 1765 1375 1419 1019 1640 1001 1944 1670 1543 1435 1626 1589 1788 1264 1438 1684 1816 1027 1448 1847 1134 1369 1638 1048 1796 1553 1058 1521 1254 1595 1458 1895 1337 1508 1970 1874 1202 1181 1280 1019 1714 1499 1715 1618 1806 1661 1491 1538 1478 1614 1400 1551 1730 1441 1963 1087 1033 1448 1607 1717 1278 BCNSPRNW ULIB Ver.6.0+V

เปลี่ยนเป็นภาษาไทย

Change to English
 แสดงรายละเอียดบรรณานุกรม
  กลับหน้าหลัก

Brief Record : Get Marc (ISO 2709) : E-mail record : QR code < ปิดหน้าต่าง
LEADER : 00000nam 2200000uu 4500
001    13399123895
003     ULIB
008    141214s2556||||th 000 0 tha d
020    ^a9786160409235
060 04 ^aWB537^bอ231
100 0  ^aชองฮยองกี
245 00 ^a77 โรครักษาได้ ด้วยแพทย์แผนโบราณ..(ชุดตำรายาล้ำค่าของหมอโฮจุน)./^cชองฮยองกี
260    ^aกรุงเทพฯ :^bอินสปายร์,^c2556.
300    ^a304 หน้า :^bภาพประกอบ ;^c21 ซม.
505 0  ^aการแพทย์แผนโบราณและการนวดไทย
650  4 ^aยารักษาโรค
650  4 ^aสมุนไพร^xการใช้รักษา
650  4 ^aการแพทย์แผนโบราณ
650  4 ^aการนวด
740 02 ^aการแพทย์แผนโบราณและการนวดไทย
945    ^p195^l0^i22561
945    ^p195^l0^i22562
999    ^aทศพร เกษรทอง
รายการนี้ยังไม่มีแท็ก
คุณยังไม่ได้ล็อกอิน คุณสามารถมีกิจกรรมร่วมกับเว็บไซต์ได้ แต่ต้องล็อกอินก่อน ::
  ล็อกอิน

รายการสื่อสารสนเทศ

ลำดับที่ ประเภท เลขเรียก/บาร์โค้ด สถานที่ สถานะ
1. วิทยาศาสตร์การแพทย์ และสุขภาพ
วิทยาศาสตร์การแพทย์ และสุขภาพ
สถานะ=หนังสือเก่า
WB537 อ231 ฉ.1 
  Barcode: 22561
ห้องสมุดวิทยาเขตนครสวรรค์
►ส่วนจัดเก็บหนังสือเก่า นว.
บนชั้น
  ขอยืม
2. วิทยาศาสตร์การแพทย์ และสุขภาพ
วิทยาศาสตร์การแพทย์ และสุขภาพ
สถานะ=หนังสือเก่า
WB537 อ231 ฉ.2 
  Barcode: 22562
ห้องสมุดวิทยาเขตนครสวรรค์
►ส่วนจัดเก็บหนังสือเก่า นว.
บนชั้น
  ขอยืม

รายการใกล้เคียง
    ผู้แต่ง [ชองฮยองกี]

    หัวเรื่อง [ยารักษาโรค]
    หัวเรื่อง [การแพทย์แผนโบราณ]
    หัวเรื่อง [การนวด]

BibComment


ยังไม่เคยถูกคอมเมนท์

คอมเมนท์ทรัพยากรรายการนี้
  คอมเมนท์: 77 โรครักษาได้ ด..


 Copyright 2026. Bcnsprnw @Library